Logo BPK

Biblioteka

Politechniki Koszalińskiej

Ein fahrendes Frauenzimmer : (Rekord nr 50923)

Szczegóły MARC
000 -ETYKIETA REKORDU
podpole kontrolne o stałej długości 00817nam a2200217 i 4500
001 - NUMER KONTROLNY REKORDU
pole kontrolne bgj
020 ## - MIĘDZYNARODOWY ZNORMALIZOWANY NUMER KSIĄŻKI - ISBN
ISBN 34230323325
040 ## - ŹRÓDŁO KATALOGOWANIA
Instytucja, która utworzyła rekord BPK
041 0# - KOD JĘZYKA
Kod języka tekstu ger
920 ## - Międzynarodowy znormalizowany numer książki – ISBN
ISBN 3-423-03-2332-5
008 - POLE O STAŁEJ DŁUGOŚCI - DANE KONTROLNE
podpole kontrolne o stałej długości s gw f |000 0 ger
245 00 - TYTUŁ/ODPOWIEDZIALNOŚĆ
Tytuł Ein fahrendes Frauenzimmer :
Ciąg dalszy tytułu Die Lebenserinnerungen der Komödiantin Karoline Schultze-Kummerfeld : 1745-1815 /
Pozostałe elementy strefy tytułu i oznaczenia odpowiedzialności Herausgegeben von Inge Buck.
260 ## - STREFA ADRESU WYDAWNICZEGO
Miejsce wydania München :
Nazwa wydawcy/dystrybutora Deutscher Taschenbuch Verlag,
Data publikacji, dystrybucji/powstania dokumentu 1994.
300 ## - STREFA OPISU FIZYCZNEGO
Objętość 289 S. ;
Rozmiary 20 cm.
490 1# - STREFA SERII I DOKUMENTU WIELOCZĘŚCIOWEGO - FORMA NIE DO WYSZUKIWANIA
Tytuł i oznaczenie odpowiedzialności serii DTV. DTV Klassik: Literatur, Philosophie, Wissenschaft ;
Numeracja w obrębie serii 2332
600 19 - HASŁO PRZEDMIOTOWE W FORMIE NAZWY OSOBOWEJ
Nazwa osobowa Schultze-Kummerfeld, Karoline 1745-1815
Określnik ogólny Autobiographie
700 1# - HASŁO DODATKOWE - NAZWA OSOBOWA
Nazwa osobowa SCHULTZE-KUMMERFELD, Karoline
Daty związane z nazwą (1745-1815)
700 1# - HASŁO DODATKOWE - NAZWA OSOBOWA
Nazwa osobowa BUCK, Inge.
Określenie związku między hasłem a opisywanym materiałem Hrsg.
830 #0 - HASŁO DODATKOWE SERII LUB DOKUMENTU WIELOCZĘŚCIOWEGO - TYTUŁ UJEDNOLICONY
Tytuł ujednolicony DTV.
Nazwa części/sekcji dzieła DTV Klassik: Literatur, Philosophie, Wissenschaft
856 ## - LOKALIZACJA I DOSTĘP DO ELEKTRONICZNYCH DOKUMENTÓW ZDALNYCH
Link (URL) http://koha.tu.koszalin.pl/cgi-bin/koha/opac-detail.pl?biblionumber=50923
Tekst linku Katalog online BPK
942 ## - DODATKOWE ELEMENTY (KOHA)
Typ dokumentu Książka
Egzemplarze
Wycofany Status egzemplarza Uszkodzony Dostępność Lokalizacja stała Lokalizacja bieżąca Miejsce przechowywania Sygnatura Kod kreskowy Typ dokumentu
      Dostępny Biblioteka Politechniki Koszalińskiej Biblioteka Politechniki Koszalińskiej Wypożyczalnia Językowa N 26 09046191 Książka
© 2023 Biblioteka Politechniki Koszalińskiej :: KOHA